• 首页
  • 本馆介绍
  • 公告通知
  • 最新文献
  • 馆藏检索
  • 电子资源
  • 读者导购
  • 参考咨询
  • 我的图书馆
  • 登录
  • 详细信息显示
  • 放入我的书架
  • 预约/预借图书
  • 作者相关作品
  • 分类相关作品
  • 丛书相关作品
  • 出版社相关作品

书目信息

  • 表格格式
  • 工作单格式
  • 卡片格式
题名:
半导体整流电路
    
 
作者: 罗金斯基 著 ;王怀亮 译
分册:  
出版信息: 北京   人民邮电出版社  1956
页数: 62页
开本: 20cm
丛书名:
单 册:
中图分类: TN35
科图分类:
主题词: 半导体整流器
电子资源:
ISBN:
000 00626nam0 2200205 450
001 0630472518
005 20060403083133.90
010    @dCNY0.23
100    @a20060403d1956 km y0chiy0120 ea
101 0  @achi
102    @aCN@b110000
200 1  @a半导体整流电路@Aban dao ti zheng liu dian lu@f(苏)В·Ю·罗金斯基著@F(su)В·Ю·luo jin si ji zhu@g王怀亮译@Gwang huai liang yi
210    @a北京@c人民邮电出版社@d1956
215 1  @a62页@d20cm
606 0  @a半导体整流器
690    @aTN35@v4
701  0 @a罗金斯基@Aluo jin si ji@4著
702  0 @a王怀亮@Awang huai liang@4译
801  0 @aCN@bPFT@c20060403
905    @a10447@dTN35@e11
    
    半导体整流电路/(苏)В·Ю·罗金斯基著/王怀亮译.-北京:人民邮电出版社,1956
    62页;20cm
    
    
    ISBN :CNY0.23
    
●
相关链接 在E读中查询图书 在五车中查询图书 在当当中查询图书 在豆瓣中查询图书


正题名:半导体整流电路     索取号:TN35/11         预约/预借

序号 登录号 条形码 馆藏地/架位号 状态 备注
1 0016521   202212907   密集书库/ [索取号:TN35/11] 在馆    
唐山师范学院图书馆 欢迎您!
大连网信软件有限公司© 版权所有